Catálogo
 En Linea

El robo de la santa cruzy otros relatos / (Registro nro. 27356)

Detalles MARC
000 -CABECERA
campo de control de longitud fija 00555nam a2200169 a 4500
001 - NÚMERO DE CONTROL
campo de control 000027864
005 - FECHA Y HORA DE LA ÚLTIMA TRANSACCIÓN
campo de control 20240308073619.0
008 - DATOS DE LONGITUD FIJA--INFORMACIÓN GENERAL
campo de control de longitud fija 110405s2001 dr a 000 0 spa d
049 ## - FONDOS LOCALES (OCLC)
Fondos de biblioteca BNPHU
-- spa
Mención de copia BNPHU
049 ## - FONDOS LOCALES (OCLC)
Fondos de biblioteca BNPD
040 ## - FUENTE DE LA CATALOGACIÓN
Centro catalogador/agencia de origen DO-SdBNP
100 1# - ENTRADA PRINCIPAL--NOMBRE DE PERSONA
Nombre de persona Rojas, Juan Pradio
Fechas asociadas al nombre 1963-
9 (RLIN) 54936
245 13 - MENCIÓN DE TÍTULO
Título El robo de la santa cruzy otros relatos /
Mención de responsabilidad, etc. Juan Pradio Rojas; prólogo Avelino Stanley.
260 ## - PUBLICACIÓN, DISTRIBUCIÓN, ETC.
Lugar de publicación, distribución, etc. Santo Domingo :
Nombre del editor, distribuidor, etc. Editora Cocolo,
Fecha de publicación, distribución, etc. 2001.
Fabricante Editora Búho
300 ## - DESCRIPCIÓN FÍSICA
Extensión 64 p. ;
Dimensiones 22 cm.
Otras características físicas il.
700 1# - PUNTO DE ACCESO ADICIONAL--NOMBRE DE PERSONA
Nombre de persona Stanley, Avelino,
Fechas asociadas al nombre 1959-
Término indicativo de función/relación pról.
9 (RLIN) 1536
Existencias
Estado de retiro Estado de pérdida No para préstamo Código de colección Localización permanente Ubicación/localización actual Ubicación en estantería Fecha de adquisición Número de inventario Total de préstamos Signatura topográfica completa Código de barras Fecha visto por última vez Precio válido a partir de Tipo de ítem Koha
    Excluido de préstamo Patrimonio Dominicano Patrimonio Dominicano Patrimonio Dominicano En catalogación 05.04.2011 LF1   27864-10 25.06.2020 25.06.2020 Libro y Folleto Colección Patrimonio Dominicano

Con tecnología Koha